Lepší odchov - lepšia úžitkovosť v produkčnom veku racionalizácia odchovu jahniat dojných plemien oviec

Bibliographic Details
Main Authors: Apolen, Dušan (Author), Šándor, Erik (Author), Čapistrák, Anton (Author), Margetín, Milan, 1954- (Author), Špánik, Jaroslav (Author)
Format: Article
Language:Slovak
PhysicalDescription:Obr., tab.
ISSN:1335-1990
Subjects:

MARC

LEADER 00000nab a2200000 a 4500
001 vtls000869574
003 SK-MaSNL
005 20260304115634.0
008 250429c2004 xo 0 slo
015 |a SNBRB2004/04-12002 
035 |a CLN000221126 
035 |a (urnnbn)urn:nbn:sk:snk:ar-006pk4 
035 |a (uuid)07eb82fc-3d2f-4de0-96fd-e149a192268b 
035 |a urn:nbn:sk:snk-ab87pq 
040 |a SNKBUCL  |b slo  |c SNKBUCL  |e AACR2 
041 0 |a slo 
044 |a xo  |c SK 
080 |a 636.32/.38.034.084.1  |2 1997 
245 0 0 |a Lepší odchov - lepšia úžitkovosť v produkčnom veku  |b racionalizácia odchovu jahniat dojných plemien oviec  |c Milan Margetín ... [et al.] 
300 |b Obr., tab. 
650 0 7 |a ovce  |x úžitkovosť mlieková  |x jahňatá  |x odchov  |2 snkbucl  |9 1422504 
650 0 7 |a jahňatá  |2 snkbucl  |9 18591 
655 7 |a články z novín a časopisov  |2 snkbucl  |9 267496 
700 1 |a Apolen, Dušan  |4 aut  |9 10273 
700 1 |a Šándor, Erik  |4 aut  |9 1418432 
700 1 |a Čapistrák, Anton  |4 aut  |9 10275 
700 1 |a Margetín, Milan,  |d 1954-  |4 aut  |9 209878 
700 1 |a Špánik, Jaroslav  |4 aut  |9 13027 
773 0 |t Slovenský chov  |g Roč. 9, č. 1 (2004), s. 38-39  |x 1335-1990 
850 |a Slovenská národná knižnica 
852 |a Slovenská národná knižnica 
954 |a odborná, vedecká literatúra pôvodná (slovenská)  |2 lita 
958 |a article9 
958 |a OND 
958 |a EUIPO 
999 |c 2876621  |d 2878551